[Event "PRO League Group Stage"]
[Site "chess.com INT"]
[Date "2018.01.18"]
[Round "1"]
[White "Nilsen, Joachim Birger"]
[Black "Manukian, Artak"]
[Result "1-0"]
[WhiteTitle "IM"]
[WhiteElo "2413"]
[BlackElo "2196"]
[WhiteTeam "Oslo Trolls"]
[BlackTeam "Armenia Eagles"]
[WhiteFideId "1506331"]
[BlackFideId "13301373"]
[EventDate "2018.01.18"]

1. c4 e5 2. g3 Nc6 3. Bg2 f5 4. Nc3 Nf6 5. e3 d6 6. Nge2 h5 7. h4 Be7 8. d3 Ng4
9. Nd5 Be6 10. Nec3 Qd7 11. f3 Nf6 12. O-O Bd8 13. e4 Nd4 14. Ne2 Nxe2+ 15. Qxe2
c6 16. Nc3 Bb6+ 17. Be3 f4 18. Bxb6 axb6 19. gxf4 exf4 20. Qd2 O-O-O 21. Qxf4
Rdf8 22. Qe3 Rhg8 23. f4 c5 24. Qg3 Bg4 25. Rae1 Re8 26. Kh1 Re7 27. e5 dxe5 28.
fxe5 Qc7 29. Nb5 Qb8 30. Nd6+ Kd7 31. exf6 Rxe1 32. Rxe1 Qxd6 33. Re7+ 1-0

[Event "PRO League Group Stage"]
[Site "chess.com INT"]
[Date "2018.01.18"]
[Round "1"]
[White "Salomon, Johan"]
[Black "Sharafiev, Azat"]
[Result "1-0"]
[WhiteTitle "GM"]
[BlackTitle "IM"]
[WhiteElo "2476"]
[BlackElo "2432"]
[WhiteTeam "Norway Gnomes"]
[BlackTeam "Volga Stormbringers"]
[WhiteFideId "1509500"]
[BlackFideId "4186214"]
[EventDate "2018.01.18"]

1. Nf3 c5 2. c4 Nf6 3. b3 g6 4. Bb2 Bg7 5. g3 O-O 6. Bg2 Nc6 7. O-O d5 8. cxd5
Nxd5 9. Bxg7 Kxg7 10. d4 cxd4 11. Nxd4 Ndb4 12. Nxc6 Nxc6 13. Bxc6 bxc6 14. Qxd8
Rxd8 15. Nc3 Be6 16. Rac1 Rd2 17. Rfd1 Rb2 18. Rb1 Rc2 19. Rdc1 Rd2 20. Kf1 c5
21. Ke1 Rad8 22. Rd1 R2d4 23. Nb5 Rxd1+ 24. Rxd1 Rb8 25. Nc7 Rb6 26. Rc1 Rc6 27.
Nxe6+ fxe6 28. Rc4 Kf6 29. Ra4 a6 30. Kd2 Ke5 31. Kc3 Kd5 32. Ra5 Kd6 33. Kc4 e5
34. e4 Kd7 35. Rxc5 Rf6 36. Rd5+ Kc6 37. Rc5+ Kd6 38. f4 Rf8 39. Rd5+ Kc6 40.
Rxe5 1-0

[Event "PRO League Group Stage"]
[Site "chess.com INT"]
[Date "2018.01.18"]
[Round "1"]
[White "Salomon, Johan"]
[Black "Gorozhanin, Mikhail"]
[Result "1/2-1/2"]
[WhiteTitle "GM"]
[BlackTitle "FM"]
[WhiteElo "2476"]
[BlackElo "2435"]
[WhiteTeam "Norway Gnomes"]
[BlackTeam "Volga Stormbringers"]
[WhiteFideId "1509500"]
[BlackFideId "4178262"]
[EventDate "2018.01.18"]

1. e3 d5 2. Nf3 Nf6 3. c4 e6 4. b3 Bd6 5. Bb2 O-O 6. Nc3 c6 7. d4 Ne4 8. Bd3 f5
9. O-O Nd7 10. Ne2 Qf6 11. Qc1 Rf7 12. Ba3 Bc7 13. b4 g5 14. b5 Qh6 15. Bb2 g4
16. Ne5 Nxe5 17. dxe5 Nc5 18. Nf4 Nxd3 19. Nxd3 dxc4 20. Qxc4 cxb5 21. Qxb5 Bb6
22. Bd4 Bd7 23. Qb2 Bxd4 24. Qxd4 Bc6 25. Nf4 Rd7 26. Qc4 Kf7 27. Qc5 Qf8 28.
Qc4 Qe7 29. Rad1 Rad8 30. Rxd7 Qxd7 31. Qc5 Bb5 32. Re1 Qd2 33. Qc1 Qxc1 34.
Rxc1 Bc6 35. h3 gxh3 36. gxh3 Rd2 37. a3 Ra2 38. Rc3 Ke7 39. h4 h6 40. Rd3 Bb5
41. Rc3 Kd7 42. Kg2 Bc6+ 43. Kg3 Ra1 44. Rd3+ Ke7 45. Rd6 Rg1+ 46. Kh2 Rh1+ 47.
Kg3 Rg1+ 48. Kh2 Rh1+ 49. Kg3 Rg1+ 50. Kh2 1/2-1/2

[Event "PRO League Group Stage"]
[Site "chess.com INT"]
[Date "2018.01.18"]
[Round "1"]
[White "Tan, Justin2"]
[Black "Agrest, Evgenij"]
[Result "1/2-1/2"]
[WhiteTitle "IM"]
[BlackTitle "GM"]
[WhiteElo "2466"]
[BlackElo "2584"]
[WhiteTeam "London Lions"]
[BlackTeam "Stockholm Snowballs"]
[WhiteFideId "3206882"]
[BlackFideId "1705024"]
[EventDate "2018.01.18"]

1. e4 c6 2. d4 d5 3. Nc3 dxe4 4. Nxe4 Nf6 5. Nxf6+ exf6 6. c3 Bd6 7. Bd3 O-O 8.
Ne2 Re8 9. Qc2 h6 10. O-O Qc7 11. g3 Bg4 12. f3 Bh3 13. Rf2 c5 14. Bf4 cxd4 15.
Bxd6 Qxd6 16. Nxd4 Nc6 17. Nxc6 bxc6 18. Be4 Rad8 19. Bf5 Bxf5 20. Qxf5 g6 21.
Qa5 Rd7 22. Kg2 f5 23. c4 h5 24. Re1 Re6 25. b3 Kh7 26. Rfe2 Rxe2+ 27. Rxe2 Qd1
28. Qe5 Rd2 29. Rxd2 Qxd2+ 30. Kh3 Qf2 31. Qe8 Kg7 32. Qe5+ Kh7 33. Qe8 Kg7 34.
Qe5+ Kf8 35. Qb8+ Kg7 1/2-1/2

[Event "PRO League Group Stage"]
[Site "chess.com INT"]
[Date "2018.01.18"]
[Round "1"]
[White "Tan, Justin2"]
[Black "Agrest, Inna"]
[Result "1-0"]
[WhiteTitle "IM"]
[BlackTitle "WIM"]
[WhiteElo "2466"]
[BlackElo "2280"]
[WhiteTeam "London Lions"]
[BlackTeam "Stockholm Snowballs"]
[WhiteFideId "3206882"]
[BlackFideId "1708830"]
[EventDate "2018.01.18"]

1. e4 e5 2. Nf3 Nc6 3. Bb5 a6 4. Ba4 Nf6 5. O-O Bc5 6. d3 b5 7. Bb3 d6 8. a3 h6
9. Nc3 O-O 10. Be3 Bg4 11. h3 Bh5 12. Nd5 Nd4 13. Bxd4 Bxd4 14. g4 Bg6 15. Nxd4
exd4 16. f4 c6 17. Nxf6+ Qxf6 18. Qf3 Rae8 19. Rae1 Re7 20. Qg3 Bh7 21. h4 g6
22. e5 dxe5 23. fxe5 Qg7 24. g5 Kh8 25. Rf6 Rfe8 26. Qf4 Bg8 27. gxh6 Qh7 28.
Rxc6 f5 29. e6 1-0

[Event "PRO League Group Stage"]
[Site "chess.com INT"]
[Date "2018.01.18"]
[Round "1"]
[White "Breckenridge, Steven"]
[Black "Dreev, Aleksey"]
[Result "0-1"]
[WhiteTitle "FM"]
[BlackTitle "GM"]
[WhiteElo "2312"]
[BlackElo "2653"]
[WhiteTeam "Dallas Destiny"]
[BlackTeam "San Diego Surfers"]
[WhiteFideId "2043700"]
[BlackFideId "4100107"]
[EventDate "2018.01.18"]

1. e4 c6 2. d4 d5 3. Nc3 dxe4 4. Nxe4 Bf5 5. Ng3 Bg6 6. N1e2 Nd7 7. Nf4 e5 8.
Nxg6 hxg6 9. dxe5 Qa5+ 10. Bd2 Qxe5+ 11. Qe2 O-O-O 12. O-O-O Ngf6 13. f4 Qc7 14.
Qf3 Bd6 15. Bc4 Nb6 16. Bd3 Na4 17. Bc4 Nb6 18. Bd3 Kb8 19. Ne4 Nxe4 20. Bxe4
Na4 21. g3 f5 22. Bd3 Qb6 23. Bc3 Nxc3 24. bxc3 Bc5 25. Kd2 Qa5 26. Rb1 Bb6 27.
g4 Rxd3+ 28. Kxd3 Rd8+ 29. Ke2 Qa6+ 30. Ke1 Re8+ 31. Kd1 Qxa2 32. Rb4 Re3 33.
Qg2 Qa1+ 34. Kd2 Qxc3+ 35. Kd1 Qxb4 36. gxf5 Ba5 37. Qf2 0-1

[Event "PRO League Group Stage"]
[Site "chess.com INT"]
[Date "2018.01.18"]
[Round "1"]
[White "Breckenridge, Steven"]
[Black "Brown, Michael William"]
[Result "0-1"]
[WhiteTitle "FM"]
[BlackTitle "IM"]
[WhiteElo "2312"]
[BlackElo "2506"]
[WhiteTeam "Dallas Destiny"]
[BlackTeam "San Diego Surfers"]
[WhiteFideId "2043700"]
[BlackFideId "2037602"]
[EventDate "2018.01.18"]

1. e4 e5 2. Nf3 Nc6 3. Bc4 Nf6 4. Ng5 d5 5. exd5 Na5 6. Bb5+ c6 7. dxc6 bxc6 8.
Bd3 Nd5 9. Nf3 Bd6 10. O-O O-O 11. Re1 Re8 12. c3 f5 13. b4 Nb7 14. Bc4 e4 15.
Nd4 Qc7 16. g3 Kh8 17. d3 Bd7 18. dxe4 fxe4 19. Qh5 Re5 20. Bg5 Nb6 21. Bf7 Rf8
22. Bg6 h6 23. h4 Be8 24. f4 exf3 25. Rxe5 Bxe5 26. Bxe8 Bxd4+ 27. Kf1 Qxg3 28.
Qxf3 0-1

[Event "PRO League Group Stage"]
[Site "chess.com INT"]
[Date "2018.01.18"]
[Round "1"]
[White "Admiraal, Miguoel"]
[Black "Cornette, Deimante"]
[Result "1-0"]
[WhiteTitle "IM"]
[BlackTitle "IM"]
[WhiteElo "2453"]
[BlackElo "2439"]
[WhiteTeam "Amsterdam Mosquitoes"]
[BlackTeam "Cannes Blockbusters"]
[WhiteFideId "1019716"]
[BlackFideId "12802859"]
[EventDate "2018.01.18"]

1. d4 d5 2. Bf4 Nf6 3. e3 c5 4. Nf3 Nc6 5. Nbd2 e6 6. c3 cxd4 7. exd4 Nh5 8. Be3
Bd6 9. g3 g6 10. Bg2 O-O 11. O-O Bd7 12. c4 dxc4 13. Nxc4 Be7 14. Nfe5 Nxe5 15.
dxe5 Bb5 16. Qb3 Qe8 17. Rfc1 Ng7 18. Bh6 Rc8 19. Bxb7 Rb8 20. Be4 Bxc4 21. Qxc4
Rxb2 22. Qc7 Bd8 23. Qc3 Rb8 24. Rab1 Bb6 25. Rb4 Qe7 26. Rc4 Rfd8 27. h4 Rd7
28. Bg5 Qf8 29. Kg2 Nf5 30. Bxf5 exf5 31. Rc8 Rxc8 32. Qxc8 Qxc8 33. Rxc8+ Kg7
34. Bf6+ Kh6 35. Rg8 Rc7 36. Bg5+ Kh5 37. Rh8 Rc2 38. Kh3 1-0

[Event "PRO League Group Stage"]
[Site "chess.com INT"]
[Date "2018.01.18"]
[Round "1"]
[White "Admiraal, Miguoel"]
[Black "Lagarde, Maxime"]
[Result "1/2-1/2"]
[WhiteTitle "IM"]
[BlackTitle "GM"]
[WhiteElo "2453"]
[BlackElo "2586"]
[WhiteTeam "Amsterdam Mosquitoes"]
[BlackTeam "Cannes Blockbusters"]
[WhiteFideId "1019716"]
[BlackFideId "662399"]
[EventDate "2018.01.18"]

1. d4 Nf6 2. Bf4 d5 3. e3 c5 4. Nf3 e6 5. Be2 Nc6 6. O-O Bd6 7. dxc5 Bxc5 8. c4
O-O 9. Nc3 h6 10. cxd5 exd5 11. Rc1 Re8 12. a3 a6 13. Na4 Ba7 14. b4 Nh5 15. Bg3
Nxg3 16. hxg3 d4 17. exd4 Nxd4 18. Nxd4 Bxd4 19. Bf3 Qf6 20. Nc5 Rd8 21. Qb3 Rb8
22. Rfd1 b6 23. Ne4 Qe5 24. Qc4 Be6 25. Qc7 Rbc8 26. Qxe5 Bxe5 27. Rxd8+ Rxd8
28. Be2 Bf5 29. Bf3 Rd3 30. a4 Rd4 31. Nc3 Rc4 32. Na2 Rd4 33. Rc6 Be6 34. Nc3
Rxb4 35. Nd5 Rb1+ 36. Kh2 g6 37. Rxb6 Rxb6 38. Nxb6 Bd4 39. a5 Bxf2 40. Be2 Be1
41. Bxa6 Bxa5 42. Nc4 Bc7 43. Nd2 h5 44. Bc4 Bc8 45. Nf3 Kg7 46. Ng5 h4 47. Nxf7
Bxg3+ 48. Kg1 Kf6 49. Bd5 Bc7 50. Nh6 Bd7 51. Kh1 Kg5 52. Nf7+ Kf4 53. Nh8 g5
54. Ng6+ Kg3 55. Nf8 Bc8 56. Ne6 Bf4 57. Nxf4 gxf4 58. Kg1 Ba6 59. Bc6 Be2 60.
Bb7 Bc4 61. Bc6 Kg4 62. Bb7 Kf5 63. Kf2 Ke5 64. Kf3 Be6 65. Bc6 Bc8 66. Ba8 Kf5
67. Be4+ Kg5 68. Bc6 Be6 69. Bb7 Bg4+ 70. Kf2 Kf5 71. Bc8+ Kg5 72. Bb7 Kf6 73.
Bc6 Ke5 74. Bb7 Kd4 75. Bc6 Bd1 76. Bb7 Bc2 77. Kf3 Ke5 78. Bc6 Bb3 1/2-1/2

[Event "PRO League Group Stage"]
[Site "chess.com INT"]
[Date "2018.01.18"]
[Round "1"]
[White "Ju, Wenjun"]
[Black "Ostrovskiy, Andrey"]
[Result "1-0"]
[WhiteTitle "GM"]
[BlackTitle "IM"]
[WhiteElo "2572"]
[BlackElo "2448"]
[WhiteTeam "Chengdu Pandas"]
[BlackTeam "Las Vegas Desert Rats"]
[WhiteFideId "8603006"]
[BlackFideId "14110326"]
[EventDate "2018.01.18"]

1. d4 Nf6 2. c4 e6 3. Nc3 Bb4 4. Qc2 O-O 5. Nf3 d6 6. g3 Nc6 7. Bg2 e5 8. d5 Nd4
9. Nxd4 exd4 10. a3 Bxc3+ 11. bxc3 dxc3 12. Qxc3 Re8 13. Bb2 Bf5 14. e3 Qe7 15.
O-O Qf8 16. f3 Nd7 17. e4 Bg6 18. Rae1 Nc5 19. Qd4 f6 20. f4 Nd7 21. Re3 Re7 22.
Rfe1 a5 23. h4 Qb8 24. Bh3 Qa7 25. Qxa7 Rxa7 26. e5 fxe5 27. fxe5 Nxe5 28. Bxe5
Rxe5 29. Rxe5 dxe5 30. Rxe5 Kf8 31. c5 b5 32. cxb6 cxb6 33. d6 Be8 34. Kf2 g6
35. Ke3 b5 36. Rd5 Bd7 37. Bxd7 Rxd7 38. Rxb5 Rxd6 39. Rxa5 Kg7 40. a4 Rc6 41.
Kd4 Rc1 42. Rc5 Ra1 43. Rc4 h5 44. Kc5 Ra3 45. g4 hxg4 46. Rxg4 Kh6 47. Kb5 Kh5
48. Rb4 Ra1 49. a5 Kh6 50. Kb6 Rf1 51. a6 Rf6+ 52. Ka5 Rf7 53. Rc4 Kh5 54. Kb6
Rf1 55. a7 Ra1 56. Rc5+ 1-0

[Event "PRO League Group Stage"]
[Site "chess.com INT"]
[Date "2018.01.18"]
[Round "1"]
[White "Ju, Wenjun"]
[Black "Khachiyan, Melikset"]
[Result "0-1"]
[WhiteTitle "GM"]
[BlackTitle "GM"]
[WhiteElo "2572"]
[BlackElo "2522"]
[WhiteTeam "Chengdu Pandas"]
[BlackTeam "Las Vegas Desert Rats"]
[WhiteFideId "8603006"]
[BlackFideId "13300512"]
[EventDate "2018.01.18"]

1. d4 Nf6 2. Nf3 d5 3. c4 c6 4. Qc2 g6 5. Bf4 Bg7 6. e3 O-O 7. Nbd2 Bf5 8. Bd3
Bxd3 9. Qxd3 Nbd7 10. Qb3 Qb6 11. O-O Qxb3 12. axb3 Nh5 13. Bc7 Rfc8 14. Ba5 e5
15. cxd5 cxd5 16. dxe5 Nxe5 17. Nd4 Nc6 18. N2f3 Nxd4 19. Nxd4 Bxd4 20. exd4 Nf4
21. Rfe1 Rc2 22. Re7 Rac8 23. Bc3 Ne2+ 24. Kf1 Nxc3 25. bxc3 R8xc3 26. Rxa7 Rb2
27. Raxb7 Rc1+ 28. Re1 Rcc2 29. Re3 Rxf2+ 30. Ke1 Rxg2 31. Kf1 Rxh2 32. Kg1 Rhe2
33. Rxe2 Rxe2 34. Rb5 Rb2 35. b4 h5 36. Rxd5 Rxb4 37. Kf2 Rb3 38. Re5 Kg7 39. d5
Kf6 40. Re8 Rd3 0-1

[Event "PRO League Group Stage"]
[Site "chess.com INT"]
[Date "2018.01.18"]
[Round "1"]
[White "Kantans, Toms"]
[Black "Ladva, Ottomar"]
[Result "1-0"]
[WhiteTitle "GM"]
[BlackTitle "GM"]
[WhiteElo "2478"]
[BlackElo "2522"]
[WhiteTeam "Riga Magicians"]
[BlackTeam "Estonia Horses"]
[WhiteFideId "11602945"]
[BlackFideId "4500024"]
[EventDate "2018.01.18"]

1. e4 e5 2. Nf3 Nf6 3. Nc3 Bb4 4. Nxe5 O-O 5. Nd3 Bxc3 6. dxc3 Nxe4 7. Be2 d6 8.
O-O Nd7 9. Bf3 Ndf6 10. c4 Re8 11. Re1 b6 12. b3 Bb7 13. Bb2 a5 14. a4 Rb8 15.
Nf4 Qd7 16. Qd4 Re7 17. Re3 Rbe8 18. Rae1 h6 19. h4 Re5 20. Qd1 Rf5 21. Bg4 Nxg4
22. Qxg4 Ree5 23. Bxe5 dxe5 24. Nh5 g6 25. Rxe4 1-0

[Event "PRO League Group Stage"]
[Site "chess.com INT"]
[Date "2018.01.18"]
[Round "1"]
[White "Kantans, Toms"]
[Black "Kanep, Meelis"]
[Result "0-1"]
[WhiteTitle "GM"]
[BlackTitle "GM"]
[WhiteElo "2478"]
[BlackElo "2446"]
[WhiteTeam "Riga Magicians"]
[BlackTeam "Estonia Horses"]
[WhiteFideId "11602945"]
[BlackFideId "4501047"]
[EventDate "2018.01.18"]

1. e4 c5 2. Nf3 d6 3. d4 cxd4 4. Nxd4 Nf6 5. Nc3 Nc6 6. Bg5 e6 7. Qd2 a6 8.
O-O-O h6 9. Bh4 Nxe4 10. Qf4 Ng5 11. Ne4 Nxd4 12. Rxd4 e5 13. Qe3 Qb6 14. c3 Be6
15. Ra4 Qxe3+ 16. fxe3 Bd7 0-1

[Event "PRO League Group Stage"]
[Site "chess.com INT"]
[Date "2018.01.18"]
[Round "1"]
[White "Shevchenko, Kirill"]
[Black "Haldorsen, Benjamin"]
[Result "0-1"]
[WhiteTitle "GM"]
[BlackTitle "FM"]
[WhiteElo "2538"]
[BlackElo "2405"]
[WhiteTeam "Armenia Eagles"]
[BlackTeam "Oslo Trolls"]
[WhiteFideId "14129574"]
[BlackFideId "1512633"]
[EventDate "2018.01.18"]

1. e4 e5 2. Nf3 Nc6 3. Bb5 Nge7 4. Nc3 d6 5. d4 exd4 6. Nxd4 Bd7 7. Bg5 Nxd4 8.
Qxd4 Bxb5 9. Nxb5 Qd7 10. Qc4 Nc6 11. O-O h6 12. Bf4 Be7 13. Rad1 a6 14. Nc3 Bg5
15. Bxg5 hxg5 16. Nd5 O-O-O 17. e5 Kb8 18. exd6 Qxd6 19. h3 Ne5 20. Qc3 g4 21.
Rfe1 Rde8 22. Ne3 Qg6 23. Nxg4 Nxg4 24. Rxe8+ Rxe8 25. hxg4 Qxg4 26. Re1 Rh8 27.
f3 Qg6 28. Qc5 b6 29. Qc4 Qd6 30. c3 Qh2+ 31. Kf1 Rd8 32. Qe2 a5 33. Kf2 Qh4+
34. Kg1 Qg5 35. Rd1 Qc5+ 36. Kf1 Rh8 37. Qe4 Rh1+ 38. Ke2 Rxd1 39. Kxd1 Qg1+ 40.
Kc2 Qxg2+ 41. Kb3 f6 42. Qe8+ Kb7 43. Qe4+ Ka7 44. Qc6 Qg3 45. Qe4 Qd6 46. a4
Qd1+ 47. Ka3 Qd6+ 48. Ka2 Qd7 49. Kb3 f5 50. Qe5 g5 51. Qf6 g4 52. fxg4 fxg4 53.
Qg5 Qe6+ 54. Ka3 Qd6+ 55. Kb3 g3 56. Kc2 Kb7 57. b3 Kc6 58. Qb5+ Kb7 59. Qg5 Kc8
60. Qg4+ Kd8 61. Qg8+ Kd7 62. Qg7+ Ke6 63. Qg6+ Kd5 64. Qd3+ Kc6 65. Qb5+ Kb7
66. Qg5 c6 67. Qg7+ Qc7 68. Qg5 Qh7+ 69. Kd2 Qh2+ 70. Ke3 g2 71. Qg7+ Ka6 0-1

[Event "PRO League Group Stage"]
[Site "chess.com INT"]
[Date "2018.01.18"]
[Round "1"]
[White "Shevchenko, Kirill"]
[Black "Nilsen, Joachim Birger"]
[Result "0-1"]
[WhiteTitle "GM"]
[BlackTitle "IM"]
[WhiteElo "2538"]
[BlackElo "2413"]
[WhiteTeam "Armenia Eagles"]
[BlackTeam "Oslo Trolls"]
[WhiteFideId "14129574"]
[BlackFideId "1506331"]
[EventDate "2018.01.18"]

1. d4 g6 2. e4 Bg7 3. Nc3 c6 4. f4 d5 5. e5 Nh6 6. Nf3 Bg4 7. Be3 O-O 8. h3 Bxf3
9. Qxf3 f6 10. O-O-O fxe5 11. dxe5 Bxe5 12. Nxd5 cxd5 13. Rxd5 Bd6 14. Bc4 Nf7
15. f5 Nd7 16. fxg6 hxg6 17. Rg5 Ne5 18. Qh5 Kg7 19. Bxf7 Kxf7 20. Rf1+ Ke6 21.
Rxg6+ Kd7 22. Rd1 Nxg6 23. Qxg6 Kc7 24. c4 Qe8 25. Qg5 Qc6 26. c5 b6 27. Rxd6
exd6 28. Qe7+ Qd7 29. cxd6+ Kc6 30. Qe4+ Kxd6 31. Qd4+ Kc7 32. Bf4+ Rxf4 33.
Qxf4+ Kb7 0-1

[Event "PRO League Group Stage"]
[Site "chess.com INT"]
[Date "2018.01.18"]
[Round "1"]
[White "Ke, Ivan"]
[Black "Dragun, Kamil"]
[Result "1-0"]
[BlackTitle "GM"]
[WhiteElo "2207"]
[BlackElo "2610"]
[WhiteTeam "San Jose Hackers"]
[BlackTeam "Rio Grande Ospreys"]
[WhiteFideId "30914477"]
[BlackFideId "1134167"]
[EventDate "2018.01.18"]

1. d4 Nf6 2. Nf3 e6 3. e3 b6 4. Bd3 Bb7 5. Nbd2 d5 6. Ne5 g6 7. O-O Bg7 8. f4
O-O 9. g4 c5 10. b3 Nc6 11. Bb2 Nb4 12. Be2 cxd4 13. Bxd4 Rc8 14. c3 Nc6 15.
Nxc6 Bxc6 16. Rc1 Nd7 17. Bxg7 Kxg7 18. Nf3 Qe7 19. Qd4+ Kg8 20. g5 Rce8 21. Ne5
Nxe5 22. Qxe5 f6 23. gxf6 Qxf6 24. Qd6 Bb7 25. Bb5 Rd8 26. Qc7 Rf7 27. Qe5 Qxe5
28. fxe5 Rf5 29. Rxf5 exf5 30. c4 a6 31. Ba4 dxc4 32. bxc4 Rd2 33. c5 b5 34.
Bb3+ Kf8 35. c6 Bc8 36. e4 f4 37. c7 Ke7 38. Rc6 a5 39. Rf6 a4 40. Bd5 b4 41.
Rf7+ Ke8 42. Rxf4 b3 43. axb3 a3 44. Rf1 Rb2 45. b4 Rxb4 46. Ra1 Kd7 47. Rxa3
Kxc7 48. Rc3+ Kd8 49. e6 Ba6 50. Kg2 g5 51. Kg3 h5 52. h4 gxh4+ 53. Kxh4 Rb1 54.
Kxh5 Rg1 55. Ra3 Be2+ 56. Kh6 Ke7 57. Ra7+ Kf6 58. Rf7+ Ke5 59. e7 Bb5 60. Rf8
Rh1+ 61. Kg7 Rg1+ 62. Kf7 Rf1+ 63. Kg6 Rg1+ 64. Kh6 Rh1+ 65. Kg5 Rg1+ 66. Kh4
Rh1+ 67. Kg3 Rg1+ 68. Kh2 1-0

[Event "PRO League Group Stage"]
[Site "chess.com INT"]
[Date "2018.01.18"]
[Round "1"]
[White "Ke, Ivan"]
[Black "Kambrath, Yannick"]
[Result "0-1"]
[BlackTitle "FM"]
[WhiteElo "2207"]
[BlackElo "2342"]
[WhiteTeam "San Jose Hackers"]
[BlackTeam "Rio Grande Ospreys"]
[WhiteFideId "30914477"]
[BlackFideId "20632525"]
[EventDate "2018.01.18"]

1. d4 Nf6 2. Nf3 e6 3. e3 c5 4. Bd3 b6 5. Nbd2 Bb7 6. O-O Nc6 7. c3 d5 8. b3 Bd6
9. Bb2 cxd4 10. exd4 O-O 11. Rc1 Rc8 12. Re1 Ne7 13. Ne5 Ng6 14. Nxg6 hxg6 15.
c4 Re8 16. a3 Qe7 17. Ra1 Red8 18. Qe2 Qc7 19. g3 Qc6 20. f3 Qd7 21. Rac1 Qe7
22. Ra1 Ne8 23. Nf1 Qf6 24. Kg2 Qe7 25. Ne3 Nf6 26. Nf1 Re8 27. Kg1 Bc6 28. Nd2
Qf8 29. f4 Red8 30. Nf3 Qe7 31. Ne5 Ba8 32. Qe3 Qb7 33. Qf3 dxc4 34. Qxb7 Bxb7
35. bxc4 Ba6 36. Rac1 Be7 37. Bf1 Bb7 38. Bd3 Rc7 39. Kf2 Ne8 40. Re2 Rdc8 41.
Rec2 Nd6 42. Ke3 Bf6 43. g4 Ba6 44. c5 Bxd3 45. Kxd3 bxc5 46. Rxc5 Rxc5 47. Rxc5
Rb8 48. Bc3 Rb7 49. a4 Kf8 50. Rc6 Be7 51. Ra6 Ke8 52. Nc6 Nc8 53. a5 Bd6 54.
Ne5 Bc7 55. Rc6 Ne7 56. Rc5 Bd6 57. Rc4 Rb5 58. h3 f6 59. Nc6 Nxc6 60. Rxc6 Kd7
61. Ra6 Bb8 62. Kc4 Rb1 63. g5 Rf1 64. gxf6 gxf6 65. Bd2 Rf2 66. Be3 Rf3 67. Bc1
Rxh3 68. d5 exd5+ 69. Kxd5 Rd3+ 70. Ke4 Rd6 71. Rxd6+ Bxd6 72. Be3 a6 73. Kd5
Bb4 74. Bb6 Bd2 75. Ke4 Kc6 76. Bd8 Bc3 77. Kd3 Bb2 78. Kc2 Bd4 79. Kd3 Kd5 80.
Bc7 Bc5 81. Bd8 f5 82. Bf6 Bd6 83. Ke3 Kc4 84. Kf3 Kb5 85. Bd8 Bb4 86. Kg3 Be1+
87. Kh3 Bxa5 88. Bf6 Be1 89. Be5 a5 90. Kg2 a4 91. Kf3 Kb4 92. Ke2 Bc3 93. Bd6+
Kb3 94. Kd3 Bb2 95. Be5 a3 0-1

[Event "PRO League Group Stage"]
[Site "chess.com INT"]
[Date "2018.01.18"]
[Round "1"]
[White "Hambleton, Aman"]
[Black "Ludwig, John"]
[Result "1/2-1/2"]
[WhiteTitle "IM"]
[WhiteElo "2501"]
[BlackElo "2388"]
[WhiteTeam "Montreal Chessbrahs"]
[BlackTeam "Miami Champions"]
[WhiteFideId "2606577"]
[BlackFideId "2075512"]
[EventDate "2018.01.18"]

1. d4 Nf6 2. c4 c5 3. d5 e6 4. Nc3 exd5 5. cxd5 d6 6. e4 g6 7. Bd3 Bg7 8. h3 O-O
9. Nf3 a6 10. a4 Nh5 11. O-O Nd7 12. Be2 Re8 13. Re1 Nhf6 14. Bd3 Ne5 15. Nxe5
Rxe5 16. Bf4 Re8 17. Qd2 Qc7 18. Rac1 Nd7 19. b4 b6 20. a5 c4 21. Ne2 b5 22. Bc2
Bb7 23. Nc3 Re7 24. Bg5 Ree8 25. Be3 Qd8 26. Bd4 Bxd4 27. Qxd4 Qf6 28. Qxf6 Nxf6
29. f4 Re7 30. Kf2 Rae8 31. g4 Nd7 32. Rcd1 Kg7 33. g5 h6 34. h4 hxg5 35. hxg5
Rh8 36. Rh1 Ree8 37. Ke3 Rxh1 38. Rxh1 f6 39. gxf6+ Nxf6 40. Kd4 Nh5 41. f5 Nf4
42. Rf1 g5 43. Rg1 Kf6 44. Rh1 Kg7 45. Bd1 Bc8 46. Bg4 Rf8 47. Nd1 Nd3 48. Kc3
Ne5 49. Be2 Rh8 50. Rxh8 Kxh8 51. Ne3 Kg7 52. Kd4 Kf6 53. Bh5 Bd7 54. Ng4+ Nxg4
55. Bxg4 Bc8 56. Bf3 Bd7 57. Bh5 Bc8 58. Bg4 Bd7 59. Bd1 Bc8 60. Be2 Bd7 61. Bf3
Bc8 62. Bh5 Bd7 63. Bd1 Bc8 64. Bg4 Bd7 65. Be2 Bc8 66. Bf3 Bd7 67. Bh5 Bc8 68.
Bd1 Bd7 69. Bg4 Bc8 70. Ke3 Bd7 71. Kd4 Bc8 72. Ke3 Bd7 73. Kd4 Bc8 74. Bh5 Bd7
75. Be2 Bc8 76. Bd1 Bd7 77. Bg4 1/2-1/2

[Event "PRO League Group Stage"]
[Site "chess.com INT"]
[Date "2018.01.18"]
[Round "1"]
[White "Hambleton, Aman"]
[Black "Quesada Perez, Yuniesky"]
[Result "1-0"]
[WhiteTitle "IM"]
[BlackTitle "GM"]
[WhiteElo "2501"]
[BlackElo "2627"]
[WhiteTeam "Montreal Chessbrahs"]
[BlackTeam "Miami Champions"]
[WhiteFideId "2606577"]
[BlackFideId "3504409"]
[EventDate "2018.01.18"]

1. c4 e5 2. g3 Nc6 3. Bg2 Bc5 4. Nc3 a6 5. Nf3 d6 6. e3 Ba7 7. d4 exd4 8. Nxd4
Nxd4 9. exd4 Ne7 10. O-O O-O 11. b3 Nf5 12. Ne2 Rb8 13. Bb2 b5 14. cxb5 axb5 15.
Qd3 b4 16. Rac1 Bd7 17. Nf4 Re8 18. Rfe1 Rxe1+ 19. Rxe1 c6 20. d5 c5 21. Ne6
fxe6 22. dxe6 Nd4 23. exd7 Qxd7 24. Bd5+ Kh8 25. Qe4 Bb6 26. Kg2 Rf8 27. f4 Qd8
28. Bc4 Qc8 29. Bd3 Qa8 30. Bc4 Qxe4+ 31. Rxe4 Ra8 32. Bd5 Rb8 33. g4 Rf8 34. h4
g6 35. h5 gxh5 36. g5 Bd8 37. Kh3 Bb6 38. Kh4 Bd8 39. Rxd4 1-0

[Event "PRO League Group Stage"]
[Site "chess.com INT"]
[Date "2018.01.18"]
[Round "1"]
[White "Sevian, Samuel"]
[Black "Breckenridge, Steven"]
[Result "1-0"]
[WhiteTitle "GM"]
[BlackTitle "FM"]
[WhiteElo "2614"]
[BlackElo "2312"]
[WhiteTeam "San Diego Surfers"]
[BlackTeam "Dallas Destiny"]
[WhiteFideId "2040506"]
[BlackFideId "2043700"]
[EventDate "2018.01.18"]

1. e4 e5 2. Nf3 Nc6 3. Bb5 a6 4. Ba4 Nf6 5. O-O b5 6. Bb3 Bb7 7. d3 Bc5 8. Nc3
O-O 9. Nd5 h6 10. c3 d6 11. a4 Ba7 12. h3 Nxd5 13. Bxd5 Qb8 14. Nh4 Ne7 15. Qg4
Kh7 16. Bxb7 Qxb7 17. Kh1 g6 18. f4 f5 19. exf5 gxf5 20. Qh5 e4 21. dxe4 fxe4
22. f5 e3 23. Bxe3 Bxe3 24. Rae1 Qe4 25. Rf3 Nd5 26. Rexe3 Qb1+ 27. Kh2 Rf6 28.
Re8 Ra7 29. Rg3 c5 30. Rh8+ Kxh8 31. Qe8+ Kh7 32. Qg8# 1-0